| 000 | 00475nam a2200133Ia 4500 | ||
|---|---|---|---|
| 008 | 220620s9999||||xx |||||||||||||| ||und|| | ||
| 022 | _a1917-9413; 1917-9405 | ||
| 100 | _aEdited by Valerie Henitiuk and Supriya Kar | ||
| 245 | 0 | _aSpark of Light: Short Stories by Women Writers of Odisha | |
| 546 | _aEnglish[eng] | ||
| 650 | _asubaltern||marginalized||melodrama||Odia||world literature||India||women | ||
| 856 | _uhttp://www.aupress.ca/index.php/books/120262 | ||
| 942 | _cEB | ||
| 999 |
_c31112 _d31112 |
||